000 00467nam a2200145 a 4500
008 120416s1964 ||||||||||||||||| || u
050 _aHG 1601 Say
100 _aSayers, R.S
245 1 0 _aModern banking
250 _a6th ed
260 _aOxford
_bClarendon P
_c1964
300 _axi, 330p
350 _a0.00
995 _D0.00
_FCBU-MAIN LIBRARY (Kitwe)
_H1
_I3.50
_M1
_UAVAILABLE
_ZMain Library Open Access Collection
999 _c51417
_d51417